[Event "RUS-CHN Match w Rapid"]
[Site "Sochi RUS"]
[Date "2009.08.21"]
[Round "1"]
[White "Zhao Xue"]
[Black "Kosintseva,T"]
[Result "1-0"]
[WhiteElo "2544"]
[BlackElo "2539"]
[EventDate "2009.08.21"]

1. d4 Nf6 2. c4 e6 3. Nf3 d5 4. Nc3 Bb4 5. Qa4+ Nc6 6. e3 O-O 7. a3 Bxc3+
8. bxc3 Ne4 9. Qc2 b6 10. cxd5 exd5 11. Bd3 Na5 12. O-O Bb7 13. a4 c5 14.
Ba3 Rc8 15. dxc5 bxc5 16. Rab1 Re8 17. Rfd1 Qc7 18. Nd2 Re6 19. Nxe4 dxe4
20. Be2 Rb6 21. Rd2 Rxb1+ 22. Qxb1 Qe5 23. Qd1 Nc6 24. Rd5 Qxc3 25. Bxc5 h6
26. Bd6 a5 27. h3 Nb4 28. Rd4 Qb2 29. Be5 Kh7 30. Rd7 Qxe5 31. Rxb7 Qb2 32.
Bf1 Qf6 33. Qg4 Re8 34. Bc4 Re7 35. Rxe7 Qxe7 36. Qf5+ g6 37. Qxa5 Nc6 38.
Qd5 Ne5 39. Qxe4 Qc5 40. Bb5 Qc1+ 41. Kh2 Qc7 42. g3 f5 43. Qd5 Nf7 44. Bc4
1-0

[Event "RUS-CHN Match w Rapid"]
[Site "Sochi RUS"]
[Date "2009.08.21"]
[Round "1"]
[White "Xu Yuhua"]
[Black "Gunina,V"]
[Result "1-0"]
[WhiteElo "2485"]
[BlackElo "2437"]
[EventDate "2009.08.21"]

1. e4 c6 2. d4 d5 3. Nd2 dxe4 4. Nxe4 Bf5 5. Ng3 Bg6 6. h4 h6 7. Nf3 Nd7 8.
h5 Bh7 9. Bd3 Bxd3 10. Qxd3 e6 11. Bd2 Qc7 12. O-O-O Ngf6 13. Ne4 O-O-O 14.
g3 Nxe4 15. Qxe4 Bd6 16. Qe2 Nf6 17. Kb1 a6 18. Ne5 c5 19. Nc4 Qc6 20. Ba5
Bc7 21. Ne5 Qe4 22. Qxe4 Nxe4 23. Bxc7 Kxc7 24. Rhe1 f5 25. Nf7 Nxf2 26.
Rd2 Ne4 27. Rg2 Ng5 28. Nxh8 Rxh8 29. dxc5 Rd8 30. Kc1 Rd4 31. Rd1 Rg4 32.
Rgd2 Kc6 33. Rd7 Rxg3 34. b4 Ne4 35. a4 Ra3 36. Kb2 Rh3 37. Re7 a5 38.
Rxe6+ Kc7 39. Re7+ Kc6 40. b5+ Kxc5 41. Rxb7 Nf6 42. Rc7+ Kb6 43. Rc6+ Kb7
44. Rg1 Nxh5 45. Re1 Rh4 46. Re7+ Kb8 47. Rd6 Kc8 48. c3 Rc4 49. b6 f4 50.
b7+ 1-0

[Event "RUS-CHN Match w Rapid"]
[Site "Sochi RUS"]
[Date "2009.08.21"]
[Round "1"]
[White "Kosintseva,N"]
[Black "Ju Wenjun"]
[Result "1/2-1/2"]
[WhiteElo "2482"]
[BlackElo "2443"]
[EventDate "2009.08.21"]

1. e4 c5 2. Nf3 d6 3. d4 cxd4 4. Nxd4 Nf6 5. Nc3 a6 6. Bg5 e6 7. f4 Qb6 8.
Qd2 Nc6 9. Bxf6 gxf6 10. Nb3 Bd7 11. O-O-O O-O-O 12. Be2 h5 13. Rhf1 Kb8
14. Rf3 h4 15. Kb1 Be7 16. Qe1 Rdg8 17. Bf1 Rh5 18. Ne2 Rgh8 19. Nbd4 Na5
20. f5 d5 21. exd5 e5 22. Nb3 Bb4 23. c3 Nxb3 24. cxb4 Bxf5+ 25. Rxf5 Rxf5
26. axb3 e4 27. Nc3 Re5 28. b5 axb5 29. Bxb5 e3 30. Qe2 Qd6 31. Bc4 f5 32.
Nb5 Qd7 33. Nd4 f4 34. Nf3 Re4 35. h3 Rh6 36. Qc2 Re7 37. Nd4 Re5 38. Qc3
Re4 39. Rf1 Qc7 40. Qd3 Re8 41. Ne2 Rf6 42. Qd4 Qe5 43. Qd3 Qg5 44. Qd4
Qxg2 45. Rxf4 Rxf4 46. Nxf4 Qe4+ 47. Qxe4 Rxe4 48. Ne2 Kc7 49. Kc2 Kd6 50.
Kd3 Re8 51. Nc3 f5 52. Ke2 f4 53. Kf3 Ke5 54. Ne2 Rg8 55. d6 Rd8 56. d7
Rxd7 57. Nxf4 Rd2 58. Kxe3 Rh2 59. b4 Rh1 60. b3 Re1+ 61. Kf3 Re4 62. Nd3+
Kd4 63. Nf2 Re5 64. b5 Rg5 65. Ng4 Rf5+ 66. Ke2 b6 67. Nf2 Rg5 68. Ng4 Rf5
69. Bd3 Rf4 70. Nf2 Rf8 71. Bc4 Rf6 72. Nd3 Rg6 73. Kf2 Rf6+ 74. Kg2 Rg6+
75. Kf2 Rf6+ 76. Ke2 Rf8 77. Ne1 Re8+ 78. Kd2 Ke4 79. Be2 Kf4 80. Nd3+ Kg3
81. Bg4 Rg8 82. Ne5 Rg5 83. Nc4 Rxb5 84. Kc3 Rg5 85. Nd2 Kg2 86. Be6 Rg6
87. Bf5 Rg5 88. Be6 Rg6 89. Bf5 Rg5 90. Bd7 Rg7 91. Bf5 Rg5 92. Be6 Rg6 93.
Bf5 Rg5 94. Kd4 1/2-1/2

[Event "RUS-CHN Match w Rapid"]
[Site "Sochi RUS"]
[Date "2009.08.21"]
[Round "2"]
[White "Zhao Xue"]
[Black "Kosintseva,N"]
[Result "1-0"]
[WhiteElo "2544"]
[BlackElo "2482"]
[EventDate "2009.08.21"]

1. d4 Nf6 2. c4 g6 3. Nc3 d5 4. cxd5 Nxd5 5. Bd2 Bg7 6. Nf3 O-O 7. e4 Nb6
8. Be3 Bg4 9. Be2 Nc6 10. d5 Bxf3 11. gxf3 Na5 12. Bd4 Qd6 13. Bxg7 Kxg7
14. Qd2 Qf6 15. b3 c6 16. Rd1 cxd5 17. exd5 Rad8 18. Ne4 Rxd5 19. Nxf6 Rxd2
20. Nh5+ Kh6 21. Rxd2 Kxh5 22. f4+ Kh6 23. Bf3 Rc8 24. Ke2 Kg7 25. h4 Nc6
26. Ke3 Na5 27. Be4 e6 28. Rhd1 Kf6 29. Kf3 Ke7 30. Rc2 Rxc2 31. Bxc2 Nd7
32. h5 b6 33. Be4 f5 34. Ba8 1-0

[Event "RUS-CHN Match w Rapid"]
[Site "Sochi RUS"]
[Date "2009.08.21"]
[Round "2"]
[White "Kosintseva,T"]
[Black "Xu Yuhua"]
[Result "1/2-1/2"]
[WhiteElo "2539"]
[BlackElo "2485"]
[EventDate "2009.08.21"]

1. e4 e6 2. d4 d5 3. Nc3 dxe4 4. Nxe4 Nd7 5. Nf3 Ngf6 6. Bd3 Nxe4 7. Bxe4
Nf6 8. Bg5 Qd6 9. Bxf6 gxf6 10. Qe2 Bd7 11. O-O-O O-O-O 12. Kb1 f5 13. Bd3
Bg7 14. c3 Bc6 15. Rhe1 Bf6 16. g3 Kb8 17. Ne5 Bxe5 18. Qxe5 Qxe5 19. Rxe5
Rd5 20. Rde1 Rhd8 21. Kc2 a6 22. Kd2 h6 23. Rxd5 Bxd5 24. c4 Bc6 25. Kc3 b6
26. Be2 Be4 27. Bh5 c5 28. dxc5 bxc5 29. Re3 Rd7 30. a3 Kc7 31. b4 Kb6 32.
f3 Bc6 33. Re5 cxb4+ 34. axb4 Rc7 35. Ra5 Bb5 36. c5+ Kc6 37. Ra2 Rd7 38.
Rd2 Rxd2 39. Kxd2 f6 40. f4 Kd7 41. Bf3 e5 42. Ke3 Ke6 43. Bd1 Bc4 44. Bc2
Bb5 45. Bb3+ Ke7 46. Bd5 Kd7 47. Bf3 Ke6 48. Bd1 Bc4 49. Bc2 Bb5 50. Bb3+
Ke7 51. h3 Bf1 52. Bd5 Kd7 53. h4 Bb5 54. Bg8 Ke7 55. Bd5 Kd7 56. Bb3 Ke7
57. Bd1 Ke6 58. g4 fxg4 59. Bxg4+ Kd5 60. Bf3+ Ke6 61. Be4 f5 62. Bc2 Kf6
63. Bb3 e4 64. Kd4 Bf1 65. Bd5 Bb5 66. Bb7 Ke7 67. Bd5 Kd7 68. Bb3 Ke7 69.
Bd1 Ke6 70. Bh5 Ke7 71. Bd1 Ke6 72. Bb3+ Ke7 73. Bd5 Kd7 74. Ke3 Ke7 75.
Kd4 Kd7 76. Bb3 Ke7 77. Bd1 Ke6 78. Bc2 Ke7 79. Bb3 Kf6 80. Bd5 Ke7 81. Bg8
Kf6 82. Bb3 Ke7 83. Bd1 Ke6 84. Bc2 1/2-1/2

[Event "RUS-CHN Match w Rapid"]
[Site "Sochi RUS"]
[Date "2009.08.21"]
[Round "2"]
[White "Gunina,V"]
[Black "Huang Qian"]
[Result "1-0"]
[WhiteElo "2437"]
[BlackElo "2424"]
[EventDate "2009.08.21"]

1. d4 Nf6 2. c4 g6 3. Nf3 Bg7 4. g3 O-O 5. Bg2 d5 6. cxd5 Nxd5 7. O-O Nb6
8. Nc3 Nc6 9. e3 Re8 10. Re1 e5 11. d5 Na5 12. e4 c6 13. Bg5 f6 14. Be3
Nac4 15. dxc6 Qxd1 16. Raxd1 Nxe3 17. cxb7 Bxb7 18. Rxe3 Nc4 19. Re2 Red8
20. Rxd8+ Rxd8 21. Rc2 Bh6 22. Kf1 f5 23. exf5 e4 24. Nh4 g5 25. Bxe4 Ba6
26. Kg2 gxh4 27. Nd5 Nd6 28. Nf6+ Kf7 29. Ng4 Nxe4 30. Nxh6+ Kf6 31. Rc6+
Rd6 32. Rc7 Rd2 33. Kh3 hxg3 34. hxg3 Nxf2+ 35. Kh4 Be2 36. Rf7+ Ke5 37.
Re7+ Kf6 38. Re6+ Kg7 39. g4 Rd4 40. Rxe2 Nd3 41. Kg5 Nf4 42. Re7+ Kf8 43.
Rxa7 Nh3+ 44. Kh4 1-0

[Event "RUS-CHN Match w Rapid"]
[Site "Sochi RUS"]
[Date "2009.08.21"]
[Round "3"]
[White "Kosintseva,N"]
[Black "Xu Yuhua"]
[Result "1/2-1/2"]
[WhiteElo "2482"]
[BlackElo "2485"]
[EventDate "2009.08.21"]

1. e4 e6 2. d4 d5 3. Nc3 Nf6 4. e5 Nfd7 5. f4 c5 6. Nf3 Nc6 7. Be3 Be7 8.
Qd2 O-O 9. Be2 a6 10. O-O b5 11. a3 Qb6 12. Nd1 a5 13. Nf2 Ba6 14. c3 b4
15. axb4 Bxe2 16. Qxe2 axb4 17. g4 cxd4 18. cxd4 b3 19. f5 Nb4 20. fxe6
fxe6 21. Rxa8 Rxa8 22. Bd2 Nc2 23. Bc3 Nb8 24. Nh3 Nc6 25. Qd3 Qa6 26. Qd2
Rf8 27. Rf2 Qb6 28. Kg2 Na7 29. Qd3 Qb5 30. Qd2 Qc6 31. Ne1 Rxf2+ 32. Nxf2
Nxe1+ 33. Qxe1 Nb5 34. Bb4 Bxb4 35. Qxb4 Kf7 36. Qxb3 Nxd4 37. Qd3 Nc2 38.
Qxh7 Ne1+ 39. Kf1 Qc1 40. Ke2 Ng2 41. Kf3 Ne1+ 42. Ke2 Ng2 43. Kf3 Ne1+ 44.
Ke2 Ng2 45. Kf3 Ne1+ 46. Ke2 Ng2 47. Kf3 Ne1+ 48. Ke2 Ng2 49. Kf3 Ne1+ 50.
Ke2 Ng2 51. Kf3 Ne1+ 52. Ke2 Ng2 1/2-1/2

[Event "RUS-CHN Match w Rapid"]
[Site "Sochi RUS"]
[Date "2009.08.21"]
[Round "4"]
[White "Kosintseva,T"]
[Black "Ju Wenjun"]
[Result "1-0"]
[WhiteElo "2539"]
[BlackElo "2443"]
[EventDate "2009.08.21"]

1. e4 c5 2. Nf3 d6 3. d4 cxd4 4. Nxd4 Nf6 5. Nc3 a6 6. Bg5 e6 7. f4 Qb6 8.
Qd2 Qxb2 9. Rb1 Qa3 10. e5 dxe5 11. fxe5 Nfd7 12. Ne4 h6 13. Bh4 Qxa2 14.
Rd1 Qd5 15. Qe3 Bc5 16. Nxe6 Bb4+ 17. c3 Qxe6 18. cxb4 O-O 19. Be2 Qxe5 20.
O-O Nc6 21. Bg3 Qb2 22. Bd6 Re8 23. Bc4 Nce5 24. Bd5 Ng4 25. Bxf7+ Kh8 26.
Qf4 Rxe4 27. Qxe4 Ndf6 28. Qf4 Bd7 29. h3 Bb5 30. Rfe1 1-0

[Event "RUS-CHN Match w Rapid"]
[Site "Sochi RUS"]
[Date "2009.08.21"]
[Round "4"]
[White "Huang Qian"]
[Black "Kosintseva,N"]
[Result "0-1"]
[WhiteElo "2424"]
[BlackElo "2482"]
[EventDate "2009.08.21"]

1. d4 Nf6 2. c4 e6 3. Nc3 Bb4 4. Qc2 O-O 5. a3 Bxc3+ 6. Qxc3 d5 7. Bg5 c5
8. dxc5 d4 9. Qd2 e5 10. e3 Nc6 11. Bd3 h6 12. Bxf6 Qxf6 13. Ne2 Rd8 14. e4
a5 15. O-O a4 16. Nc1 Na5 17. Qb4 Nc6 18. Qd2 Na5 19. Qb4 Nc6 20. Qd2 Be6
21. b4 axb3 22. Nxb3 Ra4 23. Rfc1 Rda8 24. Qb2 Qe7 25. g3 R8a7 26. Kg2 f6
27. f3 Nb8 28. Kf2 Nd7 29. Ke2 Qf7 30. Qc2 Kh7 31. h4 Rxa3 32. Rxa3 Rxa3
33. Ra1 Rxa1 34. Nxa1 Nxc5 35. Nb3 Nxd3 36. Kxd3 b5 0-1

[Event "RUS-CHN Match w Rapid"]
[Site "Sochi RUS"]
[Date "2009.08.21"]
[Round "5"]
[White "Zhao Xue"]
[Black "Gunina,V"]
[Result "1/2-1/2"]
[WhiteElo "2544"]
[BlackElo "2437"]
[EventDate "2009.08.21"]

1. d4 d5 2. c4 c6 3. Nf3 Nf6 4. Nc3 dxc4 5. a4 e6 6. e3 c5 7. Bxc4 Nc6 8.
O-O Be7 9. Qe2 cxd4 10. Rd1 O-O 11. Nxd4 Nxd4 12. exd4 Nd5 13. Qe4 Nxc3 14.
bxc3 Qc7 15. d5 Bd6 16. g3 e5 17. Ba3 Bd7 18. Bxd6 Qxd6 19. Bb5 Rfd8 20. c4
Rac8 21. Bxd7 Rxd7 22. a5 Rdc7 23. Ra4 g6 24. Rb1 f6 25. Qd3 Rd7 26. Rab4
Rcc7 27. Rb5 Kg7 28. R1b4 Qa6 29. Qb3 Rf7 30. c5 Rcd7 31. Qf3 Kg8 32. Qe4
Kg7 33. h4 h5 34. Kg2 Kh7 35. Qf3 Kg7 36. Qb3 Kh7 37. Qf3 Kg7 38. Qe4 Kh7
39. d6 Kg7 40. Qd5 Kh7 41. Rxb7 Rxb7 42. Rxb7 Rxb7 43. d7 Rb1 44. Qf7+ Kh6
45. Qf8+ Kh7 46. Qe7+ Kh6 47. Qf8+ Kh7 1/2-1/2

[Event "RUS-CHN Match w Rapid"]
[Site "Sochi RUS"]
[Date "2009.08.22"]
[Round "6"]
[White "Kosintseva,T"]
[Black "Zhao Xue"]
[Result "1-0"]
[WhiteElo "2539"]
[BlackElo "2544"]
[EventDate "2009.08.21"]

1. e4 e5 2. Nf3 Nc6 3. Bb5 a6 4. Ba4 Nf6 5. O-O Be7 6. Re1 b5 7. Bb3 d6 8.
c3 O-O 9. Bc2 Na5 10. d4 c5 11. Nbd2 Qc7 12. h3 cxd4 13. cxd4 Nc6 14. Nb3
a5 15. Be3 a4 16. Nbd2 Bd7 17. Nf1 Rac8 18. Rc1 Qb8 19. Ng3 Rc7 20. Qd2
Rfc8 21. Bb1 Bd8 22. dxe5 Nxe5 23. Nxe5 Rxc1 24. Rxc1 Rxc1+ 25. Qxc1 dxe5
26. Qc5 Qc7 27. Bd3 Qxc5 28. Bxc5 Bc6 29. Bd6 Nd7 30. Nf5 g6 31. Ne7+ Bxe7
32. Bxe7 f6 33. Kf1 Kf7 34. Bb4 Nf8 35. Ke2 Ne6 36. Ke3 Nf4 37. Bf1 Ne6 38.
g3 Nc7 39. h4 Na6 40. Bc3 Nc5 41. f3 Bd7 42. Kd2 Ke6 43. Bb4 Kd6 44. Ke3
Kc6 45. a3 Be6 46. f4 Bd7 47. Bc3 Kd6 48. Be2 Bc6 49. Bb4 Bd7 50. g4 Kc6
51. f5 Be8 52. g5 fxg5 53. hxg5 Bf7 54. Bg4 Nb3 55. Bc3 Kd6 56. Be2 Be8 57.
Bd1 Bf7 58. Bc2 Be8 59. Bb4+ Kc6 60. Bc3 Kd6 61. Bd3 Nc5 62. Bb4 Kc6 63.
Bc2 Bf7 64. Kd2 Nb7 65. Kc3 Nc5 66. Bxc5 Kxc5 67. f6 Be8 68. b3 Kd6 69.
bxa4 bxa4 70. Kb4 Bc6 71. Ka5 Ke6 72. Bxa4 Bxe4 73. Bb3+ Kd7 74. Kb4 Bb7
75. Kc5 Ba8 76. a4 e4 77. Kd4 Bc6 78. a5 Bb7 79. Bc2 1-0

[Event "RUS-CHN Match w Rapid"]
[Site "Sochi RUS"]
[Date "2009.08.22"]
[Round "6"]
[White "Gunina,V"]
[Black "Xu Yuhua"]
[Result "1-0"]
[WhiteElo "2437"]
[BlackElo "2485"]
[EventDate "2009.08.21"]

1. d4 Nf6 2. c4 e6 3. Nf3 b6 4. g3 Ba6 5. b3 Bb4+ 6. Bd2 Be7 7. Bg2 c6 8.
Bc3 d5 9. Ne5 Nfd7 10. Nxd7 Nxd7 11. Nd2 O-O 12. O-O f5 13. Rc1 Bd6 14. Rc2
Qe7 15. Bb2 Nf6 16. Nf3 Rac8 17. Ne5 Ne4 18. Qc1 b5 19. Rd1 Bb7 20. e3 Rfd8
21. f3 Nf6 22. Nd3 bxc4 23. bxc4 Ba6 24. Ne5 c5 25. f4 Bb7 26. Ba3 cxd4 27.
c5 Bxe5 28. fxe5 Ng4 29. c6 Qc7 30. Bd6 Qb6 31. cxb7 Rxc2 32. Qxc2 Nxe3 33.
Qc8 Nxd1 34. Bc7 Qb1 35. Qxd8+ Kf7 36. Qd7+ Kg6 37. Qxd5 exd5 38. b8=Q Kh6
1-0

[Event "RUS-CHN Match w Rapid"]
[Site "Sochi RUS"]
[Date "2009.08.22"]
[Round "6"]
[White "Ju Wenjun"]
[Black "Kosintseva,N"]
[Result "1-0"]
[WhiteElo "2443"]
[BlackElo "2482"]
[EventDate "2009.08.21"]

1. b3 e5 2. Bb2 Nc6 3. c4 g6 4. g3 Bg7 5. Bg2 Nge7 6. Nc3 d6 7. e3 Be6 8.
Nge2 Qd7 9. d4 Bh3 10. O-O Bxg2 11. Kxg2 exd4 12. Nd5 O-O 13. Nxd4 Nxd5 14.
cxd5 Ne5 15. h3 c5 16. dxc6 Nxc6 17. Qd2 Rac8 18. Rfd1 Rfd8 19. Rac1 a6 20.
Nxc6 Rxc6 21. Bxg7 Kxg7 22. Qd4+ Kg8 23. Qf6 Re8 24. Qf3 Rec8 25. Rxc6 Rxc6
26. Qf4 Qe6 27. Rd2 Qe5 28. Qxe5 dxe5 29. Kf3 f5 30. g4 b5 31. Rd5 Re6 32.
gxf5 gxf5 33. e4 f4 34. Kg4 Rg6+ 35. Kf5 Rg2 36. Rd2 Rh2 37. Kxe5 Rxh3 38.
Kxf4 Kg7 39. Kf5 Rh5+ 40. Kg4 Rc5 41. f4 h5+ 42. Kh4 a5 43. Rd5 Rc2 44.
Rxb5 Rxa2 45. Kxh5 a4 46. bxa4 Rxa4 47. Re5 Kf6 48. Kg4 Rb4 49. Rf5+ Ke6
50. e5 Rb1 51. Rf6+ Ke7 52. Ra6 Rh1 53. f5 Rg1+ 54. Kh5 Re1 55. Ra7+ Kf8
56. e6 1-0

[Event "RUS-CHN Match w Rapid"]
[Site "Sochi RUS"]
[Date "2009.08.22"]
[Round "7"]
[White "Kosintseva,N"]
[Black "Zhao Xue"]
[Result "1-0"]
[WhiteElo "2482"]
[BlackElo "2544"]
[EventDate "2009.08.21"]

1. e4 c6 2. d4 d5 3. exd5 cxd5 4. c4 Nf6 5. Nc3 e6 6. Nf3 Bb4 7. cxd5 Nxd5
8. Bd2 Nc6 9. Bd3 Be7 10. a3 Nf6 11. Bg5 h6 12. Be3 O-O 13. O-O b6 14. Re1
Bb7 15. Bc2 Re8 16. Qd3 Bf8 17. Rad1 Qc7 18. Nb5 Qb8 19. Qd2 Nd5 20. Qd3
Nf6 21. Qd2 Nd5 22. Nc3 Nxc3 23. bxc3 Qd6 24. a4 Rac8 25. Bf4 Qd7 26. Qd3
g6 27. Qd2 Kh7 28. h4 Qd5 29. Be4 Qh5 30. Bg3 Na5 31. Bxb7 Nxb7 32. Re5 f5
33. Rde1 Nd6 34. Qd3 Bg7 35. Rxe6 Ne4 36. Rxe8 Rxe8 37. c4 g5 38. hxg5 hxg5
39. Be5 g4 40. Nd2 Nd6 41. Nf1 Qg6 42. Re2 Bxe5 43. Rxe5 Qf6 44. Rxe8 Nxe8
45. Ne3 Ng7 46. Nxg4 Qe6 47. Ne3 Kg8 48. d5 Qd6 49. Nxf5 1-0

[Event "RUS-CHN Match w Rapid"]
[Site "Sochi RUS"]
[Date "2009.08.22"]
[Round "7"]
[White "Xu Yuhua"]
[Black "Kosintseva,T"]
[Result "0-1"]
[WhiteElo "2485"]
[BlackElo "2539"]
[EventDate "2009.08.21"]

1. e4 e5 2. Nf3 Nc6 3. Bc4 Bc5 4. c3 Nf6 5. d3 a6 6. O-O d6 7. Bb3 Ba7 8.
h3 h6 9. Be3 O-O 10. Nbd2 d5 11. Bxa7 Rxa7 12. Re1 dxe4 13. dxe4 Ra8 14.
Qe2 Nh5 15. Nf1 Nf4 16. Qe3 Qf6 17. Ng3 Be6 18. Ne2 Nxe2+ 19. Qxe2 Ne7 20.
Kh2 Rad8 21. Rad1 Ng6 22. g3 Bxb3 23. axb3 Qb6 24. b4 Qe6 25. Rxd8 Rxd8 26.
Rd1 Rxd1 27. Qxd1 Qc4 28. Qc2 Qf1 29. h4 f6 30. Qd2 Nf8 31. Nxe5 fxe5 32.
Qd5+ Kh7 33. Qf7 Nd7 34. Qf5+ Kh8 35. Qxd7 Qxf2+ 36. Kh3 Qf1+ 37. Kg4 Qe2+
38. Kf5 Qh5+ 39. Ke6 Qg4+ 40. Ke7 Qxe4 41. Qxc7 Qf5 42. Qxb7 Qf6+ 43. Ke8
Qe6+ 44. Kf8 Qf6+ 45. Ke8 Qe6+ 46. Kf8 Qf5+ 47. Ke7 Qf6+ 48. Ke8 Qe6+ 49.
Kf8 Qf5+ 50. Ke7 e4 51. c4 Qf6+ 52. Ke8 Qe6+ 53. Kf8 Qf6+ 54. Ke8 Qe5+ 55.
Kf7 Qf5+ 56. Ke7 Qf6+ 57. Ke8 Qe6+ 58. Kf8 Qf5+ 59. Ke7 e3 60. Qg2 Qe5+ 61.
Kf7 Qf6+ 62. Ke8 Qe6+ 63. Kf8 e2 0-1

[Event "RUS-CHN Match w Rapid"]
[Site "Sochi RUS"]
[Date "2009.08.22"]
[Round "7"]
[White "Romanko,M"]
[Black "Ju Wenjun"]
[Result "0-1"]
[WhiteElo "2447"]
[BlackElo "2443"]
[EventDate "2009.08.21"]

1. d4 Nf6 2. c4 g6 3. Nf3 Bg7 4. g3 O-O 5. Bg2 c6 6. O-O d5 7. cxd5 cxd5 8.
Ne5 e6 9. Nc3 Nfd7 10. f4 Nc6 11. Be3 Ndxe5 12. fxe5 f6 13. exf6 Rxf6 14.
Rxf6 Bxf6 15. Qd2 Bd7 16. Kh1 Qe7 17. Rf1 Rf8 18. Rd1 Rd8 19. Bg1 Be8 20.
Qc2 g5 21. e4 dxe4 22. Nxe4 Bxd4 23. Bxd4 Nxd4 24. Qf2 e5 25. Nf6+ Kg7 26.
Nxe8+ Rxe8 27. Qe3 b6 28. Be4 Qf6 29. Rc1 Re7 30. Kg2 h6 31. b4 Qe6 32. Qd2
Rf7 33. Re1 Rc7 34. Rf1 Qc4 35. a3 Qe2+ 36. Qxe2 Nxe2 37. Rd1 Nd4 38. h4
gxh4 39. gxh4 Rf7 40. Rc1 Rf4 41. Rc7+ Kf6 42. Bd3 e4 43. Bc4 b5 44. Bf1 e3
45. Rxa7 Rf2+ 46. Kg3 Rxf1 0-1

[Event "RUS-CHN Match w Rapid"]
[Site "Sochi RUS"]
[Date "2009.08.22"]
[Round "7"]
[White "Huang Qian"]
[Black "Gunina,V"]
[Result "1-0"]
[WhiteElo "2424"]
[BlackElo "2437"]
[EventDate "2009.08.21"]

1. d4 d5 2. Nf3 Nf6 3. c4 c6 4. Nc3 dxc4 5. a4 e6 6. e4 Bb4 7. Qc2 b5 8.
Be2 O-O 9. O-O a6 10. Bg5 h6 11. Bh4 g5 12. Bg3 Bb7 13. e5 Nd5 14. Ne4 Nd7
15. h4 gxh4 16. Bxh4 Be7 17. Bg3 c5 18. Rfd1 cxd4 19. Rxd4 Re8 20. Rad1 Kg7
21. Nc3 Nf8 22. axb5 axb5 23. Nxb5 Ng6 24. Rxc4 Qb6 25. Nd6 Bxd6 26. exd6
e5 27. d7 Re7 28. Nh4 Rxd7 29. Nxg6 fxg6 30. Bxe5+ Kh7 31. Bf3 Re8 32. Bc3
Red8 33. Rcd4 Qc7 34. Qd2 Nf6 35. Qe3 Bxf3 36. Rxd7+ Rxd7 37. Rxd7+ Qxd7
38. Qxf3 Nd5 39. Bd4 Kg8 40. Qe4 Kf7 41. Qe5 Ne7 42. Qg7+ Ke6 43. Qf6+ Kd5
44. Qe5+ Kc4 45. Qc5+ Kd3 46. Qc3+ Ke4 47. Qf3+ 1-0

[Event "RUS-CHN Match w Rapid"]
[Site "Sochi RUS"]
[Date "2009.08.22"]
[Round "8"]
[White "Xu Yuhua"]
[Black "Kosintseva,N"]
[Result "1/2-1/2"]
[WhiteElo "2485"]
[BlackElo "2482"]
[EventDate "2009.08.21"]

1. e4 e5 2. Nf3 Nc6 3. Bb5 a6 4. Ba4 Nf6 5. O-O Be7 6. Re1 b5 7. Bb3 d6 8.
c3 O-O 9. h3 Nb8 10. d4 Nbd7 11. Nbd2 Bb7 12. Bc2 Re8 13. Nf1 Bf8 14. Ng3
g6 15. b3 Bg7 16. d5 Rc8 17. c4 c6 18. Be3 Nb6 19. Rb1 Qc7 20. dxc6 Bxc6
21. Bxb6 Qxb6 22. Qxd6 Rcd8 23. Qb4 Bf8 24. Qc3 Bc5 25. Re2 b4 26. Qe1 Nd7
27. Rd1 Nf8 28. Rxd8 Qxd8 29. Qd2 Qe7 30. Qh6 f6 31. Ne1 Ne6 32. Nd3 Ba7
33. Kh2 Rd8 34. Rd2 a5 35. Qh4 Nf4 36. Qg4 Nxd3 37. Bxd3 Kh8 38. Qe2 Bd4
39. Bc2 Rf8 40. Nf1 Qb7 41. f3 f5 42. exf5 gxf5 43. Ne3 Bc3 44. Nxf5 e4 45.
Bxe4 Bxe4 46. fxe4 Qc7+ 47. Kg1 Bxd2 48. Qxd2 Qe5 49. Qd6 Rxf5 50. Qd8+ Kg7
51. exf5 Qe1+ 52. Kh2 Qe5+ 53. Kg1 Qe1+ 54. Kh2 Qe5+ 55. Kg1 Qe1+ 56. Kh2
1/2-1/2

[Event "RUS-CHN Match w Rapid"]
[Site "Sochi RUS"]
[Date "2009.08.22"]
[Round "8"]
[White "Romanko,M"]
[Black "Huang Qian"]
[Result "0-1"]
[WhiteElo "2447"]
[BlackElo "2424"]
[EventDate "2009.08.21"]

1. d4 Nf6 2. c4 g6 3. Nf3 Bg7 4. g3 O-O 5. Bg2 d5 6. cxd5 Nxd5 7. O-O Nb6
8. Nc3 Nc6 9. e3 Re8 10. d5 Na5 11. Nd4 Bd7 12. e4 c6 13. Bf4 Bc8 14. Nde2
cxd5 15. exd5 Nac4 16. b3 Nd6 17. Rc1 Bg4 18. Qd2 Bxe2 19. Nxe2 Rc8 20. Be3
Nf5 21. Bc5 Nd7 22. Ba3 Qb6 23. Rxc8 Rxc8 24. Bh3 Ne5 25. Kh1 Re8 26. Bxf5
gxf5 27. Kg2 Ng6 28. h4 h5 29. Bb4 Rc8 30. Rd1 Qb5 31. f4 Rd8 32. Bc3 e6
33. Bxg7 Kxg7 34. d6 Nf8 35. Qd4+ Kg6 36. Ng1 Nd7 37. Kh3 Rc8 38. Qd3 Qxd3
39. Rxd3 Kg7 40. Nf3 Kf8 41. b4 Ke8 42. a3 Rc2 43. Nd4 Rc4 44. Kg2 a6 45.
Nb3 b6 46. Nd4 Nf6 47. Nf3 Rc2+ 48. Kf1 Nd7 49. Ke1 Rc4 50. Kd1 f6 51. Kd2
Nf8 52. Nd4 Kd7 53. b5 axb5 54. Nxb5 Rc6 55. Rc3 e5 56. Rd3 Ne6 57. Rd5 Rc5
58. Rxc5 Nxc5 59. fxe5 fxe5 60. Ke3 Kc6 61. Nc7 Kxd6 62. Ne8+ Ke7 63. Nc7
Ne4 64. Nd5+ Kd6 65. Nxb6 Nxg3 66. a4 Ne4 67. a5 Nc5 68. Nc8+ Ke6 69. Nb6
f4+ 70. Kf3 Kf5 71. Nd5 e4+ 72. Kf2 Ke5 73. Nc7 Kd6 74. Nb5+ Kc6 75. Nd4+
Kd5 76. Nb5 Na6 77. Ke2 Ke5 78. Kf2 Ke6 79. Nd4+ Ke5 80. Nc6+ Kf5 81. Ne7+
Kg4 82. Ng6 Nc5 83. Ne7 Kxh4 84. Nd5 Kg4 85. Nb4 e3+ 86. Ke2 Kg3 87. Nd5
Na6 88. Nf6 h4 89. Ne4+ Kg2 90. Ng5 h3 91. Ne6 h2 92. Nxf4+ Kg3 93. Nh5+
Kh4 0-1

[Event "RUS-CHN Match w Rapid"]
[Site "Sochi RUS"]
[Date "2009.08.22"]
[Round "9"]
[White "Ju Wenjun"]
[Black "Kosintseva,T"]
[Result "0-1"]
[WhiteElo "2443"]
[BlackElo "2539"]
[EventDate "2009.08.21"]

1. Nf3 Nf6 2. g3 d5 3. Bg2 c6 4. O-O Bg4 5. d3 e6 6. h3 Bh5 7. Qe1 Be7 8.
e4 O-O 9. Nbd2 Nbd7 10. b3 Ne8 11. Bb2 f6 12. Nd4 Nc7 13. exd5 exd5 14. Ne6
Nxe6 15. Qxe6+ Bf7 16. Qg4 Ne5 17. Qe2 Re8 18. Nf3 Bd6 19. Qd2 Qd7 20. Nxe5
fxe5 21. Rae1 Re7 22. Qg5 Rae8 23. Re2 h6 24. Qh4 Bg6 25. Rfe1 Re6 26. Bf3
Qf7 27. Bg2 b5 28. g4 e4 29. dxe4 dxe4 30. g5 hxg5 31. Qxg5 Bf4 32. Qc5 Bf5
33. Bc1 Bd6 34. Qc3 Qh5 35. Kf1 Be5 36. Qe3 c5 37. Qg5 Qf7 38. Qh4 Bf6 39.
Qf4 Qh5 40. Qg3 Bh4 41. Qc3 Rg6 42. Bf4 Bf6 43. Qxc5 Rxg2 44. Qd5+ Kh7 45.
Re3 Rg6 0-1

[Event "RUS-CHN Match w Rapid"]
[Site "Sochi RUS"]
[Date "2009.08.22"]
[Round "10"]
[White "Gunina,V"]
[Black "Zhao Xue"]
[Result "0-1"]
[WhiteElo "2437"]
[BlackElo "2544"]
[EventDate "2009.08.21"]

1. d4 Nf6 2. Nf3 e6 3. Bg5 h6 4. Bxf6 Qxf6 5. e4 Nc6 6. a3 d6 7. Nc3 g5 8.
Bb5 Bd7 9. d5 Ne5 10. Nxe5 Qxe5 11. Bxd7+ Kxd7 12. O-O Bg7 13. Qd3 a6 14.
Rad1 Rae8 15. g3 exd5 16. exd5 Rhf8 17. Kg2 f5 18. Rfe1 Qxe1 19. Rxe1 Rxe1
20. Ne2 f4 21. gxf4 gxf4 22. Kf3 Kc8 23. Qd2 Rh1 24. Kg2 Rb1 25. Nxf4 Rxb2
26. Ne6 Rg8 27. Kh3 Be5 28. Qd3 Kb8 29. Qc4 Rc8 30. f4 Bh8 31. Qd3 c6 32.
c4 Ka8 33. dxc6 Rxc6 34. Nd8 Rcb6 35. Kg4 Rxh2 36. Nf7 Bb2 37. Nxd6 Rc6 38.
Kg3 Rh1 39. Qd5 Rg1+ 40. Kf2 Rg7 41. Ne4 Rgc7 42. a4 Rxc4 43. a5 Rd4 44.
Qg8+ Ka7 45. Qe6 Rc6 46. Qe7 Ba3 47. Qe5 Rcc4 48. Nf6 Rxf4+ 49. Kg3 Rfd4
50. Qe6 Rc3+ 51. Kf2 Rd2+ 52. Ke1 Rb2 53. Kd1 Rc1+ 0-1

[Event "RUS-CHN Match w Rapid"]
[Site "Sochi RUS"]
[Date "2009.08.22"]
[Round "10"]
[White "Huang Qian"]
[Black "Kosintseva,T"]
[Result "0-1"]
[WhiteElo "2424"]
[BlackElo "2539"]
[EventDate "2009.08.21"]

1. d4 Nf6 2. c4 e6 3. Nc3 Bb4 4. Qc2 d5 5. cxd5 exd5 6. Nf3 Nbd7 7. Bg5 c5
8. dxc5 h6 9. Bd2 Bxc5 10. e3 O-O 11. Be2 a6 12. O-O b5 13. Rfd1 Bb7 14.
Rac1 Rc8 15. Qb1 Qe7 16. Be1 Ba7 17. Nd4 Nc5 18. Bf3 Nce4 19. a3 Rfd8 20.
Nce2 Ng5 21. Rxc8 Rxc8 22. Bc3 Nfe4 23. Bxe4 Nxe4 24. Be1 Bb8 25. Nc3 Qd6
26. Nf3 Ng5 27. Kf1 Nxf3 28. gxf3 Qxh2 29. Nxd5 Qh3+ 30. Ke2 Re8 31. Bc3
Qe6 32. Qd3 Be5 33. Bxe5 Qxe5 34. Rd2 h5 35. Qd4 Qxd4 36. Rxd4 Re5 37. Nc3
g6 38. f4 Re6 39. f3 Bc6 40. Kf2 Kg7 41. Rd2 f6 42. Ne2 Kf7 43. Nd4 Rd6 44.
Rc2 Bd7 45. Rc5 Ke7 46. Kg3 Be6 47. Rc7+ Bd7 48. Rc5 Be6 49. Rc7+ Bd7 50.
Kh4 Rd5 51. Rc1 Be8 52. Rc7+ Kd6 53. Ra7 g5+ 54. fxg5 fxg5+ 55. Kg3 h4+ 56.
Kf2 Kc5 57. Rxa6 Kc4 58. Re6 Bd7 59. Rh6 Kd3 60. Rh7 Kd2 61. Re7 Kc1 62. b3
Kb2 63. a4 bxa4 64. bxa4 Bxa4 65. Rf7 Bd7 66. Ke2 Kc3 67. Rh7 Kc4 68. Rh8
Ra5 69. Kf2 Kd3 70. Rd8 Ra2+ 71. Kg1 Ra7 72. Kf2 Ra2+ 73. Kg1 Ra7 74. Kf2
Rb7 75. Ne2 h3 76. Ng3 Rb2+ 77. Kg1 Rg2+ 78. Kh1 Rxg3 79. Rxd7+ Kxe3 80.
Rd5 Kxf3 81. Kh2 Rg2+ 82. Kxh3 g4+ 83. Kh4 Rh2+ 84. Kg5 g3 85. Rd3+ Kf2 86.
Rd2+ Ke3 0-1